| 000 | 00349nam a2200145Ia 4500 | ||
|---|---|---|---|
| 008 | 230312s9999||||xx |||||||||||||| ||und|| | ||
| 020 | _a9781119543145 | ||
| 082 |
_a512 _bSTE-A |
||
| 100 | _aEvans,Alan | ||
| 245 | 0 | _aTechnology in action : complete | |
| 260 |
_bWiley _aUSA _c2019 |
||
| 300 | _a384 | ||
| 650 |
_aEngineering _vAlgebra |
||
| 942 | _cBK | ||
| 999 |
_c17318 _d17318 |
||